000
00288nam a22001217a 4500
040
_c
HS
082
_a
634
100
_a
សូ ថន
245
_a
សារពើភ័ណ្ឌព្រៃឈើ forest inventory
260
_a
RUA
_b
សូ ថន
_c
2007
300
_a
134p;
942
_c
KB
999
_c
9029
_d
9029